000 00509nam a2200181Ia 4500
005 20250508160321.0
008 008 250505s9999 xx 000 0 eng d
037 _aBooks to be hide in OPAC
040 _aFEDL
_beng
_cFEDL
041 _aeng
_2eng
084 _a641.1, LAD/O
_qFEDL
245 0 _aStudies in nutrition
245 0 _cLADY IRWIN COLLEGE
260 _aNew Delhi, India
_bLady Irwin College
_c1967
300 _aiii,81p.
942 _cHB
_h641.1, LAD/O
999 _c1363613
_d1363613